000 00430nam a2200169Ia 4500
008 230711s9999||||xx |||||||||||||| ||und||
041 _aENG
082 _a720
_bBH-C
100 _aVikram Bhatt
245 0 _aAfter the master: Contemporary Indian Architecture
250 _a1st Ed.
260 _c1990
_aAhmedabad
_bMapin Publishing Pvt.Ltd
300 _a220
650 _aArchitecture
700 _a Peter Scriver
942 _cBK
999 _c1564
_d1564